000 00246nam a2200097Ia 4500
005 20251222114409.0
008 251222s1900||||xx |||||||||||||| ||spa||
082 _aDVD0070/N87/2002
245 0 _aRabbit - Proof Fence:Cerca de la libertad
942 _cDVD
999 _c1962
_d1962